Strategy and market structure : (Record no. 45358)
[ view plain ]
| 000 -LEADER | |
|---|---|
| fixed length control field | 00814nam a2200253 a 4500 |
| 001 - CONTROL NUMBER | |
| control field | 45358 |
| 003 - CONTROL NUMBER IDENTIFIER | |
| rucl marc code | BD-RjUL |
| 005 - DATE AND TIME OF LATEST TRANSACTION | |
| control field | 20211209054012.0 |
| 008 - FIXED-LENGTH DATA ELEMENTS--GENERAL INFORMATION | |
| fixed length control field | 160725s19641959nyua b 000 0 eng |
| 035 ## - SYSTEM CONTROL NUMBER | |
| System control number | 58-14221 |
| -- | (BD-RjUL)45476 |
| 040 ## - CATALOGING SOURCE | |
| Original cataloging agency | DLC |
| Transcribing agency | CSU |
| Modifying agency | SER |
| -- | m.c |
| -- | SER |
| -- | BD-RjUL |
| Language of cataloging | eng |
| 041 ## - LANGUAGE CODE | |
| Language code of text/sound track or separate title | eng |
| 082 ## - DEWEY DECIMAL CLASSIFICATION NUMBER | |
| Edition number | 23 |
| Classification number | 338.8 |
| Author mark and year | SHS 1964 |
| 100 1# - MAIN ENTRY--PERSONAL NAME | |
| Personal name | Shubik, Martin. |
| 9 (RLIN) | 131676 |
| 245 10 - TITLE STATEMENT | |
| Title | Strategy and market structure : |
| Remainder of title | competition, oligopoly, and the theory of games / |
| Statement of responsibility, etc. | Martin Shubik. |
| 260 ## - PUBLICATION, DISTRIBUTION, ETC. (IMPRINT) | |
| Place of publication, distribution, etc. | New York : |
| Name of publisher, distributor, etc. | Wiley ; |
| Place of publication, distribution, etc. | London : |
| Name of publisher, distributor, etc. | Chapman and Hall, |
| Date of publication, distribution, etc. | 1959 |
| -- | [printing1964] |
| 300 ## - PHYSICAL DESCRIPTION | |
| Pagination | 387 p. : |
| Illustrations | illus ; |
| Size | 24 cm. |
| 504 ## - BIBLIOGRAPHY, ETC. NOTE | |
| Bibliography, etc | Includes bibliography |
| 650 #0 - SUBJECT ADDED ENTRY--TOPICAL TERM | |
| Topical term or geographic name as entry element | Competition |
| 9 (RLIN) | 138886 |
| Topical term or geographic name as entry element | Oligopolies |
| 9 (RLIN) | 136460 |
| Topical term or geographic name as entry element | Marketing |
| 9 (RLIN) | 138887 |
| Topical term or geographic name as entry element | Game theory |
| 9 (RLIN) | 138888 |
| 942 ## - ADDED ENTRY ELEMENTS (KOHA) | |
| Source of classification or shelving scheme | Dewey Decimal Classification |
| Koha item type | Books |
| Lost status | Source of classification or shelving scheme | Damaged status | Not for loan | Collection code | Permanent Location | Current Location | Shelving location | Date acquired | Source of acquisition | Cost, normal purchase price | Total Checkouts | Full call number | Date last seen | Copy number | Koha item type |
|---|---|---|---|---|---|---|---|---|---|---|---|---|---|---|---|
| Dewey Decimal Classification | Non-fiction | Central Library, University of Rajshahi | Central Library, University of Rajshahi | 13/11/1965 | Zeitlinger | 75.00 | 338.8 SHS 1964 | 25/07/2016 | C-2 | Books |